Internetworking infrastructure and operations / (Record no. 159286)

MARC details
000 -LEADER
fixed length control field 00564nam a22001937a 4500
005 - DATE AND TIME OF LATEST TRANSACTION
control field 20181212153148.0
010 ## - LCCN (DPL NO)
LC control number B-126723
020 ## - INTERNATIONAL STANDARD BOOK NUMBER
International Standard Book Number 9788120325630
Terms of availability 175.00
035 ## - SYSTEM CONTROL NUMBER
System control number B-126723
037 ## - SOURCE OF ACQUISITION
Source of stock number/acquisition BPPD/PUB
082 ## - DEWEY DECIMAL CLASSIFICATION NUMBER
Classification number 005.754
245 ## - TITLE STATEMENT
Title Internetworking infrastructure and operations /
Statement of responsibility, etc NIIT
250 ## - EDITION STATEMENT
Edition statement 6th ed
260 ## - PUBLICATION, DISTRIBUTION, ETC. (IMPRINT)
Place of publication, distribution, etc New Delhi
Name of publisher, distributor, etc Prentice -Hall of India
270 ## - ADDRESS
Address M-97, Connaught circus,
City New Delhi
Postal code 110001
300 ## - PHYSICAL DESCRIPTION
Extent viii,198p.:
Dimensions 25cm(pbk)
Other physical details ill.
500 ## - GENERAL NOTE
General note Includes appendix
942 ## - ADDED ENTRY ELEMENTS (KOHA)
Source of classification or shelving scheme Dewey Decimal Classification
Item type English Books
Classification part 005.754
Call number suffix INT
Holdings
Withdrawn status Lost status Not for loan Collection code Home library Current library Date acquired Source of acquisition Cost, normal purchase price Full call number Barcode Cost, replacement price Koha item type
      Non-fiction Vigyan Vihar Vigyan Vihar 12/12/2018 BPPD/PUB 175.00 005.754 INT B-126723 175.00 English Books

© Delhi Public Library
Hit Counter
free hit counter